| 000 | 00503nam a2200157 i 4500 | ||
|---|---|---|---|
| 001 | 72291 | ||
| 003 | ES-MaACL | ||
| 007 | t| | ||
| 008 | 040830s1974 sp ||||1| spa d | ||
| 100 | 0 |
_aGimferrer, Pere, _d1945- _957102 |
|
| 245 | 1 | 0 |
_aAntoni Tapies y el espíritu catalán / _cPedro Gimferrer ; [traducido del catalán por el autor]. |
| 260 |
_a[Barcelona] : _bPolígrafa, _c[1974] |
||
| 300 |
_a382 p., 161 lám. : _bil. ; _c28 cm. |
||
| 852 |
_aES-MaACL _jE-6965 |
||
| 999 |
_c72291 _d72291 |
||